000 00677nam a2200253Ia 4500
003 OSt
005 20221007101253.0
006 a|||||r|||| 00| 0
007 ta
008 221006b |||||||| |||| 00| 0 eng d
024 _a6,147
037 _cTextual
040 _aLCO
_cLCO
_beng
041 _2eng
_aeng
082 _aX:938qN65, L3
100 _aMukherjee B.K.
_9684697
245 0 _aPayment of Bonus Act, 1965
260 _aCalcutta
_bEastern Law House India
_c1973
300 _a226
650 _aBONUS
700 _a Mukherjee G.C.
_9702780
942 _hX:938qN65, L3
_cTEXL
999 _c1175710
_d1175710